| 000 | 00819nam a2200253Ia 4500 | ||
|---|---|---|---|
| 003 | OSt | ||
| 005 | 20221005091602.0 | ||
| 006 | a|||||r|||| 00| 0 | ||
| 007 | ta | ||
| 008 | 221004b |||||||| |||| 00| 0 eng d | ||
| 020 |
_a9781403986672 (pbk) _c1011.01 |
||
| 024 | _a118496 | ||
| 037 |
_b33971, 03/02/2012, Segment Book Distributors _cTextual |
||
| 040 |
_aCRL _cCRL _beng |
||
| 041 |
_2eng _aeng |
||
| 082 | _aR3xN26, Q1 | ||
| 100 |
_aFoucault Michel Ed. _9616400 |
||
| 245 | 0 |
_aGovernment of self and othes _b Lectures at the college de france 1982-1983 |
|
| 260 |
_aNew York _bPalgrave U.S.A _c2011 |
||
| 300 |
_axvi, 402p. _ccm. |
||
| 650 | _aPHILOSOPHY | ||
| 942 |
_hR3xN26, Q1 _cTEXL _2cc |
||
| 999 |
_c997503 _d997503 |
||